Normal view MARC view
  • Jaluria, Yogesh

Entry Personal Name

Number of records used in: 2

001 - CONTROL NUMBER

  • control field: 38093

003 - CONTROL NUMBER IDENTIFIER

  • control field: OSt

005 - DATE AND TIME OF LATEST TRANSACTION

  • control field: 20150527104546.0

008 - FIXED-LENGTH DATA ELEMENTS

  • fixed length control field: 150527|| aca||aabn | a|a d

040 ## - CATALOGING SOURCE

  • Original cataloging agency: OSt

100 1# - HEADING--PERSONAL NAME

  • Personal name: Jaluria, Yogesh

400 0# - SEE FROM TRACING--PERSONAL NAME

  • Personal name: Yogesh Jaluria

400 0# - SEE FROM TRACING--PERSONAL NAME

  • Personal name: Jaluria, Y.
  • Fuller form of name: (Yogesh)